|
|
|
|
| LEADER |
00000nlm0a2200000 4500 |
| 001 |
664888 |
| 005 |
20231102030722.0 |
| 029 |
1 |
0 |
|a RU
|b 1626219
|c Авторское свидетельство
|d МПК G 01 R 31/12
|
| 035 |
|
|
|a (RuTPU)RU\TPU\network\36073
|
| 035 |
|
|
|a RU\TPU\network\1234
|
| 039 |
0 |
|
|a RU
|b 4485601
|c 19880922
|
| 090 |
|
|
|a 664888
|
| 100 |
|
|
|a 20210527j19880922k y0rusy50 ca
|
| 101 |
0 |
|
|a rus
|
| 102 |
|
|
|a RU
|
| 105 |
|
|
|a a k 000zy
|
| 135 |
|
|
|a drcn ---uucaa
|
| 181 |
|
0 |
|a i
|
| 182 |
|
0 |
|a b
|
| 200 |
1 |
|
|a Способ определения глубины пропитки электроизоляционных материалов
|f С. А. Лопаткин, С. Г. Боев
|g Томский политехнический институт, Научно-исследовательский институт высоких напряжений
|
| 203 |
|
|
|a Текст
|c электронный
|
| 300 |
|
|
|a опубл. 07.02.91
|
| 330 |
|
|
|a Изобретение относится к электроизмерительной технике и может быть использовано для определения глубины пропитки электроизоляционных материалов.
|
| 606 |
1 |
|
|a Электроизоляционные материалы
|x Обработка
|2 stltpush
|3 (RuTPU)RU\TPU\subj\60424
|9 77736
|
| 610 |
1 |
|
|a авторские свидетельства
|
| 610 |
1 |
|
|a труды учёных ТПУ
|
| 610 |
1 |
|
|a электронный ресурс
|
| 610 |
1 |
|
|a изобретения
|
| 610 |
1 |
|
|a глубина
|
| 610 |
1 |
|
|a пропитки
|
| 610 |
1 |
|
|a электроизоляционные материалы
|
| 610 |
1 |
|
|a электроизмерительная техника
|
| 675 |
|
|
|a 621.311.61(075.8)
|v 3
|
| 700 |
|
1 |
|a Лопаткин
|b С. А.
|c электрофизик
|c кандидат технических наук, доцент Томского политехнического университета
|f 1960-
|g Сергей Анатольевич
|2 stltpush
|3 (RuTPU)RU\TPU\pers\32312
|
| 701 |
|
1 |
|a Боев
|b С. Г.
|c российский физик
|c профессор Томского политехнического университета
|f 1949-
|g Сергей Григорьевич
|2 stltpush
|3 (RuTPU)RU\TPU\pers\21948
|9 9268
|
| 712 |
0 |
2 |
|a Томский политехнический институт
|b Научно-исследовательский институт высоких напряжений
|2 stltpush
|3 (RuTPU)RU\TPU\col\18349
|9 27003
|
| 801 |
|
1 |
|a RU
|b 63413507
|c 20120201
|
| 801 |
|
2 |
|a RU
|b 63413507
|c 20220331
|g RCR
|
| 856 |
4 |
|
|u https://www.fips.ru/registers-doc-view/fips_servlet?DB=RUPAT&DocNumber=1626219&TypeFile=html
|
| 942 |
|
|
|c CF
|